Normal view
MARC view
- عيوب الكلام عند الاطفال-صعوبات التعلم-الاتصال الشفوي-الجوانب النفسية
Entry Topical Term
001 - CONTROL NUMBER
- control field: 43038
003 - CONTROL NUMBER IDENTIFIER
- control field: JO-AjAnu
005 - DATE AND TIME OF LATEST TRANSACTION
- control field: 20230606081133.0
008 - FIXED-LENGTH DATA ELEMENTS
- fixed length control field: 230606|| aca||aabn | a|a d
040 ## - CATALOGING SOURCE
- Original cataloging agency: JO-AjAnu
- Transcribing agency: JO-AjAnu
150 ## - HEADING--TOPICAL TERM
- Topical term or geographic name entry element: عيوب الكلام عند الاطفال-صعوبات التعلم-الاتصال الشفوي-الجوانب النفسية
670 ## - SOURCE DATA FOUND
- Source citation: Work cat.: (JO-AjAnu)22041: عمايرة ، موسى محمد/ م مشارك ياسر سعيد الناطور, author 43037, مقدمة في اضطرابات التواصل